| 000 | 01766nam a2200385 a 4500 | ||
|---|---|---|---|
| 001 | ebr10702623 | ||
| 003 | CaPaEBR | ||
| 006 | m o u | ||
| 007 | cr cn||||||||| | ||
| 008 | 111130s2010 ne ab sb 010 0 dut d | ||
| 010 | _z 2011523668 | ||
| 020 | _z9789088900518 | ||
| 020 | _z9789088901751 (e-book) | ||
| 040 |
_aCaPaEBR _cCaPaEBR |
||
| 035 | _a(OCoLC)844939588 | ||
| 041 | 0 |
_adut _aeng |
|
| 043 | _ae-ne--- | ||
| 050 | 1 | 4 |
_aCC79.5.P5 _bV36 2010eb |
| 245 | 0 | 0 |
_aVan planten en slakken _h[electronic resource] : _bbundel aangeboden aan Wim Kuijper als dank voor veertig jaar lesgeven en determineren = Of plants and snails : a collection of papers presented to Wim Kuijper in gratitude for forty years of teaching and identifying / _ceditors, Corrie Bakels ... [et al.]. |
| 246 | 3 | 1 | _aOf plants and snails : a collection of papers presented to Wim Kuijper in gratitude for forty years of teaching and identifying |
| 260 |
_aLeiden : _bSidestone Press, _cc2010. |
||
| 300 |
_a279 p. : _bill. (some col.), maps (some col.) |
||
| 504 | _aIncludes bibliographical references. | ||
| 533 |
_aElectronic reproduction. _bPalo Alto, Calif. : _cebrary, _d2013. _nAvailable via World Wide Web. _nAccess may be limited to ebrary affiliated libraries. |
||
| 546 | _aText in English and Dutch. | ||
| 650 | 0 |
_aPlant remains (Archaeology) _zNetherlands. |
|
| 650 | 0 |
_aAnimal remains (Archaeology) _zNetherlands. |
|
| 650 | 0 |
_aSnails _zNetherlands. |
|
| 650 | 0 |
_aPaleoethnobotany _zNetherlands. |
|
| 655 | 7 |
_aElectronic books. _2local |
|
| 700 | 1 | _aKuijper, W. J. | |
| 700 | 1 | _aBakels, C. C. | |
| 710 | 2 | _aebrary, Inc. | |
| 856 | 4 | 0 |
_uhttp://site.ebrary.com/lib/rucke/Doc?id=10702623 _zAn electronic book accessible through the World Wide Web; click to view |
| 999 |
_c6115 _d6115 |
||